| 000 | 00645nam a22002177a 4500 | ||
|---|---|---|---|
| 003 | OSt | ||
| 005 | 20150810180003.0 | ||
| 008 | 130827b2008 col spa | ||
| 020 | _a978-958-699-101-8 | ||
| 040 | _cBMC | ||
| 082 | _a658.04 | ||
| 082 | _a338.064 | ||
| 100 | 1 |
_93970 _aVarela V., Rodrigo |
|
| 245 | 1 | 0 |
_aInnovación empresarial _b: arte y ciencia en la creación de empresas _cRodrigo Varela |
| 250 | _a3ª ed | ||
| 260 |
_aBogotá [etc.] _bPearson Educación _c2008 |
||
| 300 |
_a664 p _bil. _c25 cm _e+ 1 disco compacto |
||
| 650 | 2 | 4 |
_93969 _aInnovaciones tecnológicas |
| 650 | 2 | 4 |
_93341 _aGestión de empresas |
| 942 |
_2ddc _cBK |
||
| 999 |
_c1936 _d1936 |
||